000 00343nam a2200133Ia 4500
008 151001s9999||||xx |||||||||||||| ||und||
100 _aज्योत्स्ना देवधर
245 _aचुकामुक
250 _a1
260 _bकेशरी प्रकाशन
260 _c1970
300 _a160
365 _b7
999 _c954564
_d954561